Poorna the youngest girl in the world to Scale MountEverest/ (Record no. 172375)

MARC details
000 -LEADER
fixed length control field 00552nam a22001817a 4500
005 - DATE AND TIME OF LATEST TRANSACTION
control field 20200204141220.0
010 ## - LCCN (DPL NO)
LC control number ENG-127632
020 ## - INTERNATIONAL STANDARD BOOK NUMBER
International Standard Book Number 9789388478373
Terms of availability 295.00
035 ## - SYSTEM CONTROL NUMBER
System control number EN-111164
037 ## - SOURCE OF ACQUISITION
Source of stock number/acquisition DBAD/PUB
082 ## - DEWEY DECIMAL CLASSIFICATION NUMBER
Classification number 921
100 ## - MAIN ENTRY--PERSONAL NAME
Personal name Thota,Aparna
245 ## - TITLE STATEMENT
Title Poorna the youngest girl in the world to Scale MountEverest/
Remainder of title by Aparna Thota
260 ## - PUBLICATION, DISTRIBUTION, ETC. (IMPRINT)
Place of publication, distribution, etc Bengaluru
Name of publisher, distributor, etc Prism Books
Date of publication, distribution, etc 2019
270 ## - ADDRESS
City Bengaluru
Address 1865,32nd cross,10th Main Bsk II stage
Postal code 560070
300 ## - PHYSICAL DESCRIPTION
Extent 161p.
Other physical details 21cm(pbk)
942 ## - ADDED ENTRY ELEMENTS (KOHA)
Source of classification or shelving scheme Dewey Decimal Classification
Item type English Books
Classification part 921
Call number suffix THO
Holdings
Withdrawn status Lost status Not for loan Collection code Home library Current library Date acquired Source of acquisition Cost, normal purchase price Full call number Barcode Copy number Cost, replacement price Koha item type
      Non-fiction Sarojini Nagar Sarojini Nagar 04/02/2020 DBAD/PUB 295.00 921 THO EN-111164 1 295.00 English Books

© Delhi Public Library
Hit Counter
free hit counter